| 000 | 00368nam a2200157Ia 4500 | ||
|---|---|---|---|
| 008 | 210210b1990 xxu||||| |||| 00| 0 eng d | ||
| 082 | _a820.43 THOF | ||
| 100 | _aTHOMAS (M A) | ||
| 245 | _aFrank speaking | ||
| 260 |
_aBangalore _bNot Mentioned _c1990 |
||
| 300 | _a93 | ||
| 650 | _aspeaking | ||
| 650 | _aFrank | ||
| 690 | _aIndian English Prose | ||
| 906 | _a046598 | ||
| 999 |
_c95752 _d95752 |
||